00487nam a2200193Ia 4500008004100000020001800041050001400059100001600073245003700089245004700126260001500173260001600188260000900204300001500213300002700228300001000255440002000265500000800285170918s9999 xx 000 0 und d a9780545110358 bK655 2007 aKline, Suzy aHorrible Harry cracks the code / cSuzy Kline ; pictures by Frank Remkiewicz. aNew York : bScholastic, c2007 a66 pages : bcolored illustration ; c19cm. aHorrible Harry. a540